| 000 | 00438nam a22001697a 4500 | ||
|---|---|---|---|
| 005 | 20180621111320.0 | ||
| 008 | 160614b xxu||||| |||| 00| 0 eng d | ||
| 020 | _a81-7929-102-2 | ||
| 041 | _aeng | ||
| 082 |
_b7364 _a658 |
||
| 100 |
_aMarkusen, James R _91866 |
||
| 245 | _aMultinational Firms and the theory of International Trade | ||
| 260 |
_aDelhi _bpearson education |
||
| 300 | _a418 | ||
| 650 |
_aManagement _9241 |
||
| 942 | _cBK | ||
| 999 |
_c2619 _d2618 |
||